| 000 | 00511ngm a2200181 a 4500 | ||
|---|---|---|---|
| 005 | 20220520093443.0 | ||
| 008 | 991125s1973 ea 021 d daeng u | ||
| 035 | _aUPN01000040841 | ||
| 049 | _aAV | ||
| 050 | 4 | _aPPE 10 | |
| 100 | 1 |
_aKatten, Steven _928817 |
|
| 245 | 1 | 3 |
_aLa naturaleza de la materia [película] / _cSteven Katten. |
| 260 |
_aNew York : _bMcGraw-Hill, _c1973. |
||
| 300 |
_a1 carrete (21 min.) : _bsd |
||
| 650 | 2 |
_aÁtomos _92821 |
|
| 650 | 2 |
_aFísica nuclear _915703 |
|
| 905 | _aAudiovisuales | ||
| 999 |
_c40841 _d40841 |
||